Des fièvres intermittentes miasmatiques ou légitimes de leur natures et de leur traitement (Record no. 159130)
[ view plain ]
| 000 -LEADER | |
|---|---|
| campo de control de longitud fija | 00768nam a22001695i 4500 |
| 001 - NÚMERO DE CONTROL | |
| campo de control | 159130 |
| 003 - IDENTIFICADOR DE NÚMERO DE CONTROL | |
| campo de control | ES-MaACL |
| 005 - FECHA Y HORA DE LA ÚLTIMA TRANSACCIÓN | |
| campo de control | 20230906211447.0 |
| 008 - DATOS DE LONGITUD FIJA--INFORMACIÓN GENERAL | |
| campo de control de longitud fija | 041005s1854 fr |||| | fre d |
| 040 ## - FUENTE DE CATALOGACIÓN | |
| Centro catalogador/agencia de origen | CAM |
| Lengua de catalogación | spa |
| Centro/agencia transcriptor | CAM |
| 100 1# - ENTRADA PRINCIPAL--NOMBRE DE PERSONA | |
| Nombre de persona | Masurel, Louis-Jules. |
| 9 (RLIN) | 129713 |
| 245 14 - MENCIÓN DEL TÍTULO | |
| Título | Des fièvres intermittentes miasmatiques ou légitimes de leur natures et de leur traitement |
| Resto del título | : nouvelle théorie de l'intermittence / |
| Mención de responsabilidad, etc. | par L.-J. Masurel. |
| 260 ## - PUBLICACIÓN, DISTRIBUCIÓN, ETC. | |
| Lugar de publicación, distribución, etc. | Paris : |
| Nombre del editor, distribuidor, etc. | Germer Baillière, |
| Fecha de publicación, distribución, etc. | 1854 ( |
| Fabricante | Imprimerie de Pilloy) |
| 300 ## - DESCRIPCIÓN FÍSICA | |
| Extensión | VIII, 128 p. ; |
| Dimensiones | 22 cm. |
| 650 #4 - PUNTO DE ACCESO ADICIONAL DE MATERIA--TÉRMINO DE MATERIA | |
| Término de materia o nombre geográfico como elemento de entrada | Fiebre. |
| 9 (RLIN) | 136106 |
| 852 ## - LOCALIZACIÓN | |
| Ubicación | ES-MaACL |
| Número de control de estantería | R-1370(4) |
| Nota libre | -- Enc. hol. |
| condición física | -- Falto de la cub. original |
| Nota libre | -- Enc. en un vol. facticio formando parte de la Colección de memorias médicas |
| -- | .- Donat. Mateo Seoane |
| Estatus retirado | Estado de pérdida | Estado de daño | No para préstamo | Colección | Biblioteca de origen | Biblioteca actual | Ubicación en estantería | Fecha de adquisición | Total de préstamos | Signatura topográfica completa | Código de barras | Visto por última vez | Precio de reemplazo | Tipo de ítem Koha |
|---|---|---|---|---|---|---|---|---|---|---|---|---|---|---|
| Libros del s. XIX | Biblioteca del Ateneo de Madrid | Biblioteca del Ateneo de Madrid | Depósito | 17/01/2008 | R-1370(4) | 1166584 | 23/02/2023 | 23/02/2023 | Libro impreso antiguo |
